College Quizbowl Stats
College Quizbowl Stats
Circuits
Seasons
Sets
Records
Detailed Stats
About
Loading...
2023 BHSU @ Northwestern
Tossups
Bonuses
Players
Teams
Categories (Tossup)
Categories (Bonus)
Christopher Sims
Northwestern A
Categories
Category
Powers
Gets
Negs
BBs
Points
Earliest Buzz
Avg. Buzz
First Buzzes
Top 3 Buzzes
History - American History
1
0
0
0
15
40
40.00
0
1
Arts - Painting
0
1
0
1
10
153
153.00
0
0
History - Other History
0
1
0
0
10
91
91.00
0
1
Other - Other Academic
0
1
0
0
10
123
123.00
0
0
History - Euro History
0
0
1
0
-5
0.00
0
0
Buzzes
Category
Answer
Value
Buzz Position
History - American History
beaches
15
40
History - Euro History
lepers
-5
89
History - Other History
Richard III
10
91
Other - Other Academic
Saturn
10
123
Arts - Painting
oranges
10
153
Previous
1
Next